Mi ricordo

محفوظ في:
التفاصيل البيبلوغرافية
المؤلف الرئيسي: Bianchi Matteo B.
التنسيق: كتاب
اللغة:لغة غير معروفة
منشور في: Ravenna Fernandel 2004
الوسوم: إضافة وسم
لا توجد وسوم, كن أول من يضع وسما على هذه التسجيلة!

MARC

LEADER 00000nam a2200000Ia 4500
001 338
003 NUMERAZIONE-ORIGINALE-BRESCIA
005 20260206230752.0
008 260206s9999 xx 000 0 und d
100 |a Bianchi Matteo B. 
245 0 |a Mi ricordo 
260 |a Ravenna 
260 |b Fernandel 
260 |c 2004 
942 |2 ddc  |c BK  |n 0 
952 |0 0  |1 0  |2 ddc  |4 0  |6 15  |7 0  |9 28538  |a BS  |b BS  |d 2026-02-06  |i 338  |l 0  |o 1-5-*  |r 2026-02-06 22:40:37  |w 2026-02-06  |x [REVISIONARE]  |y BK 
999 |c 24207  |d 24207